000 00347nam a2200121Ia 4500
008 151001s9999||||xx |||||||||||||| ||und||
100 _aदुर्गा - भागवत
245 _aचिंतनिका
260 _bमॅजेस्टीक प्रकाशन मुंबई
260 _c1968
300 _a154
365 _b8.5
999 _c954480
_d954477